000 00211nam a22000857a 4500
001 1235337
005 20250930124647.0
245 _a35 KİLO TEMBEL TENEKE
_cANNA GAVALDA
260 _bGÜNIŞIĞI KİTAPLIĞI YAYINLARI
999 _c1235337
_d1235337